000 00564nam a2200217Ia 4500
003 OSt
005 20220926012529.0
006 a|||||r|||| 00| 0
007 ta
008 220923b |||||||| |||| 00| 0 eng d
037 _cGeneral Book
040 _aRTL
_cRTL
_beng
041 _2eng
_aeng
082 _aV7924:1:N5, H7
100 _aTugwell R G
_9115897
245 0 _aStricken hand.
260 _aNew York
_bDoubleday
_c1947
300 _a703p
_ccm.
942 _hV7924:1:N5, H7
_cGB
_2CC
999 _c623420
_d623420